South America by Population Quiz Stats

 Plays Quiz Updated Mar 8, 2019

Score 0/12 Timer 01:30
0 Plays Today
Rank Country % Correct
1.Brazil
99.9%
3.Argentina
93%
2.Colombia
89.8%
4.Peru
86.8%
6.Chile
80.6%
5.Venezuela
79.9%
7.Ecuador
69.4%
8.Bolivia
64.8%
9.Paraguay
64.7%
10.Uruguay
64.1%
11.Guyana
57.8%
12.Suriname
57.8%

You're not logged in!

Compare scores with friends on all Sporcle quizzes.
OR
Log In

Sporcle TV

Today on Sporcle TV


Watch our educational content, quiz creation guides, and fun videos on Sporcle TV.

Show Comments

Extras

Top Quizzes Today


Score Distribution

Your Account Isn't Verified!

In order to create a playlist on Sporcle, you need to verify the email address you used during registration. Go to your Sporcle Settings to finish the process.

Report this User

Report this user for behavior that violates our Community Guidelines.

Details: